1318 1678 1903 1217 1577 1248 1456 1991 1295 1681 1031 1283 1530 1460 1759 1789 1685 1123 1910 1261 1567 1857 1596 1925 1793 1761 1881 1746 1813 1506 1028 1649 1762 1301 1113 1157 1070 1704 1862 1556 1233 1477 1361 1524 1429 1746 1326 1171 1167 1760 1033 1961 1932 1771 1292 1446 1644 1640 1146 1178 1194 1032 1319 1609 1676 1767 1285 1814 1391 1009 1911 1209 1379 1559 1012 1100 1662 1727 1337 1467 1704 1723 1961 1205 1121 1035 1670 1586 1093 1574 1884 1313 1808 1527 1376 1158 1228 1068 1417 BCNSPRNW ULIB Ver.6.0+V

เปลี่ยนเป็นภาษาไทย

Change to English
 แสดงรายละเอียดบรรณานุกรม
  กลับหน้าหลัก

Brief Record : Get Marc (ISO 2709) : E-mail record : QR code < ปิดหน้าต่าง
LEADER : 00000nam 2200000uu 4500
001    13399108696
003     ULIB
008    110311s2548||||th 000 0 tha d
060  4 QZ200^bส984ค 2548
110 1  กระทรวงสาธารณสุข^bกรมการแพทย์^bสถาบันมะเร็งแห่งชาติ^bศูนย์มะเร็งลพบุรี
245 00 คู่มือการดูแลตนเองของผู้ป่วยที่ได้รับรังสีรักษา/^cศูนย์มะเร็งลพบุรี
250    พิมพ์ครั้งที่ 1
260    ลพบุรี:^bศูนย์มะเร็ง ลพบุรี,^c2548
300    18 หน้า:^bภาพประกอบ
650  7 การดูแลตนเอง^xผู้ป่วยมะเร็ง
945    ^p0^l0^i017706
945    ^p0^l0^i017704
945    ^p0^l0^i017698
945    ^p0^l0^i017707
945    ^p0^l0^i017705
945    ^p0^l0^i017703
995    ทศพร
999 ^a ใช้งานได้ทุกระบบ
รายการนี้ยังไม่มีแท็ก
คุณยังไม่ได้ล็อกอิน คุณสามารถมีกิจกรรมร่วมกับเว็บไซต์ได้ แต่ต้องล็อกอินก่อน ::
  ล็อกอิน

รายการสื่อสารสนเทศ

ลำดับที่ ประเภท เลขเรียก/บาร์โค้ด สถานที่ สถานะ
- ไม่พบข้อมูล -

BibComment


ยังไม่เคยถูกคอมเมนท์

คอมเมนท์ทรัพยากรรายการนี้
  คอมเมนท์: คู่มือการดูแลตนเอ..


 Copyright 2026. Bcnsprnw @Library